Avanza la reforma del gobierno del FMI /
Salvato in:
| Autore principale: | |
|---|---|
| Natura: | testo |
| Soggetti: | |
| Tags: |
Aggiungi Tag
Nessun Tag, puoi essere il primo ad aggiungerne!!
|
MARC
| LEADER | 00000 a a2200000 04500 | ||
|---|---|---|---|
| 001 | 8133 | ||
| 003 | |||
| 040 | |||
| 100 | |a Houtven, Leo van | ||
| 245 | |a Avanza la reforma del gobierno del FMI / |c Leo van Houtven | ||
| 650 | |a FMI | ||
| 650 | |a REFORMA ECONOMICA | ||
| 650 | |a EUROPA | ||
| 773 | |g volumen 35, número 21; páginas 338-339 | ||
| 999 | |c 33896 |d 33896 | ||
